书目信息 |
| 题名: |
现代大学英语. 阅读. 1= Contemporary college English, Companion Reader
|
|
| 作者: | 杨立民总主编 ;龚雁 主编 | |
| 分册: | ||
| 出版信息: | 北京 外语教学与研究出版社 2007. |
|
| 页数: | 308页 | |
| 开本: | 20cm | |
| 丛书名: | ||
| 单 册: | ||
| 中图分类: | H319.4 | |
| 科图分类: | ||
| 主题词: | 英语 | |
| 电子资源: | ||
| ISBN: | 7-5600-6888-X | |
| 000 | 00744nam0 2200205 450 | |
| 001 | 1831503055 | |
| 005 | 20181219084646.05 | |
| 010 | @a7-5600-6888-X@dCNY26.90 | |
| 100 | @a20181219d2007 km y0chiy0120 ea | |
| 101 | 0 | @achi |
| 102 | @aCN@b110000 | |
| 200 | 1 | @a现代大学英语. 阅读. 1= Contemporary college English, Companion Reader@Axian dai da xue ying yu.yue du.1=Contemporary college English,Companion Reader@f杨立民总主编 ; 龚雁主编@Fyang li min zong zhu bian;gong yan zhu bian |
| 210 | @a北京@c外语教学与研究出版社@d2007. | |
| 215 | @a308页@d20cm | |
| 606 | 0 | @a英语 |
| 690 | @aH319.4@v4 | |
| 701 | 0 | @a杨立民总主编@Ayang li min zong zhu bian |
| 702 | 0 | @a龚雁@Agong yan@4主编 |
| 801 | 0 | @aCN@bMUSE@c20181219 |
| 905 | @aMUSE@dH319.4@eY2243 | |
| 现代大学英语. 阅读. 1= Contemporary college English, Companion Reader/杨立民总主编 ; 龚雁主编.-北京:外语教学与研究出版社,2007. |
| 308页;20cm |
| ISBN 7-5600-6888-X:CNY26.90 |
| ● |
| 相关链接 |
|
|
|
正题名:现代大学英语. 阅读. 1= Contemporary coll
索取号:H319.4/Y2243
 
预约/预借
| 序号 | 登录号 | 条形码 | 馆藏地/架位号 | 状态 | 备注 |
| 1 | 1301221 | 213012210 | 语言库209/209语言库 50排4列2层/ [索取号:H319.4/Y2243] | 在馆 |